| 000 | 00428nam a2200157 a 4500 | ||
|---|---|---|---|
| 001 | 000008211 | ||
| 005 | 20200929154503.0 | ||
| 008 | 090915s1907 dr 001 0 spa d | ||
| 040 | _aDO-SdBNP | ||
| 082 |
_axxx _bG589p |
||
| 100 | 1 |
_aGarcía Godoy, F. _921582 |
|
| 245 | 1 | 0 |
_aPerfiles y relieves / _cFederico García Godoy. |
| 260 |
_aSanto Domingo : _bLa Cuna de América, _c1907. |
||
| 300 |
_a181 p. ; _c20 cm. |
||
| 049 | _aBNPD | ||
| 999 |
_c7985 _d7985 |
||